<?xml version="1.0" encoding="UTF-8"?>
<marc:record xmlns:marc="http://www.loc.gov/MARC21/slim">
   <marc:leader>00000nam a2200000 a 4500</marc:leader>
   <marc:datafield ind1="1" ind2=" " tag="100">
      <marc:subfield code="a">Wahlberg, Mark</marc:subfield>
   </marc:datafield>
   <marc:datafield ind1="1" ind2=" " tag="100">
      <marc:subfield code="a">Leguizamo, John</marc:subfield>
   </marc:datafield>
   <marc:datafield ind1="1" ind2=" " tag="100">
      <marc:subfield code="a">Buckley, Betty</marc:subfield>
   </marc:datafield>
   <marc:datafield ind1="1" ind2=" " tag="100">
      <marc:subfield code="a">Shyamalan, M. Night</marc:subfield>
   </marc:datafield>
   <marc:datafield ind1="0" ind2="0" tag="245">
      <marc:subfield code="a">The Happening [Bildtonträger]</marc:subfield>
   </marc:datafield>
   <marc:datafield ind1="0" ind2="0" tag="245">
      <marc:subfield code="c">Regie: M. Night Shyamalan. Mit Betty Buckley, John Leguizamo, Mark Wahlberg ...</marc:subfield>
   </marc:datafield>
   <marc:datafield ind1=" " ind2="1" tag="264">
      <marc:subfield code="b">Twentieth Century Fox Home Entert</marc:subfield>
      <marc:subfield code="c">2020</marc:subfield>
   </marc:datafield>
   <marc:datafield ind1="1" ind2=" " tag="520">
      <marc:subfield code="a">Im Mittelpunkt steht eine Familie, die vor einem unerklärlichen und unaufhaltsamen Phänomen flüchtet, das nicht nur die Menschheit bedroht... sondern auch den wichtigsten menschlichen Instinkt: den Überlebenswillen.</marc:subfield>
   </marc:datafield>
   <marc:datafield ind1=" " ind2=" " tag="020">
      <marc:subfield code="a">4010232044051</marc:subfield>
      <marc:subfield code="9">4010232044051</marc:subfield>
   </marc:datafield>
   <marc:datafield ind1=" " ind2=" " tag="500">
      <marc:subfield code="a">Orig. : USA/Indien/Frankreich 2008. Sprache: Deutsch (Dolby Digital 5.1), Englisch (Dolby Digital 5.1), Italienisch (Dolby Digital 5.1), Spanisch (Dolby Digital 5.1). Untertitel: Deutsch, Englisch, Italienisch, Spanisch, Schwedisch, Norwegisch, Dänisch, F</marc:subfield>
   </marc:datafield>
   <marc:datafield ind1="0" ind2=" " tag="490">
      <marc:subfield code="v">0</marc:subfield>
   </marc:datafield>
   <marc:datafield ind1=" " ind2=" " tag="300">
      <marc:subfield code="a">1 DVD (87 Min.) : farbig</marc:subfield>
   </marc:datafield>
</marc:record>
